Statistics for European countries where you should not drink tap water

Click here to take the quiz!

General Stats

  • This quiz has been taken 145 times
  • The average score is 15 of 18

Answer Stats

Answer% Correct
14Romania
92%
4Bulgaria
90%
18Ukraine
90%
16Serbia
88%
1Albania
87%
9Latvia
87%
10Lithuania
87%
15Russia
86%
6Estonia
84%
2Belarus
83%
8Kosovo
83%
12Moldova
83%
5Croatia
80%
13Montenegro
79%
17Slovakia
79%
7Hungary
76%
11Macedonia
76%
3Bosnia & Herzegovina
60%

Score Distribution

Percentile by Number Answered

Percent of People with Each Score

Your Score History

You have not taken this quiz